| 000 | 01121nam a2200289 i 4500 | ||
|---|---|---|---|
| 003 | EG-GICUC | ||
| 005 | 20260121101533.0 | ||
| 008 | 251223s1997 le ||||fr|||| 00| 0 ara d | ||
| 040 |
_a EG-GICUC _bara _c EG-GICUC _d EG-GICUC _erda |
||
| 041 | 0 | _aara | |
| 082 | 0 | 4 |
_221 _a343.30566 _bأ ل . م |
| 092 | 0 | 4 | _221 |
| 099 | _aLaw1 10 343.30566 أ ل . م 1997 | ||
| 100 | 0 |
_aالقاضي فيليب خير الله _eمؤلف. |
|
| 245 | 1 | 0 |
_aمجموعة إجتهادات الهيئة الإتهامية : _bتطبيقات عملية لِلقَاعِدَة القانونية / _cالقاضي فيليب خير الله. |
| 264 |
_aبيروت : _bمؤسسة عز الدين، _c1997. |
||
| 300 |
_a345 صفحة ؛ _c24 سم. |
||
| 336 |
_2rda content _atext |
||
| 337 |
_2rda media _aComputer |
||
| 338 |
_2rda carrier _aOnline Resource |
||
| 546 | _aالنص باللغة العربية | ||
| 650 | 1 | 4 | _aالتصرف فى التهمة بعد الاستدلال |
| 650 | 1 | 4 | _aالقانون الجنائي |
| 856 | 4 | 0 | _uhttps://fll.law.cu.edu.eg/fulltext/bks/B10-05713.pdf |
| 905 | _a77 | ||
| 942 |
_2ddc _cBK _e21 _n0 |
||
| 999 |
_c52188 _d52188 |
||